[Event "HUN-chT2 Toth 1011"]
[Site "Hungary"]
[Date "2011.04.17"]
[Round "9.3"]
[White "Hajagos, Janos"]
[Black "Nagy, Sandor"]
[Result "1/2-1/2"]
[WhiteElo "2020"]
[BlackElo "2087"]
[PlyCount "92"]
[EventDate "2010.09.12"]
[EventType "team-tourn"]
[EventRounds "11"]
[EventCountry "HUN"]
[SourceTitle "EXT 2012"]
[Source "ChessBase"]
[SourceDate "2011.11.24"]
[SourceVersion "1"]
[SourceVersionDate "2011.11.24"]
[SourceQuality "1"]
[WhiteTeam "Takisz"]
[BlackTeam "Mezobereny"]
[WhiteTeamCountry "HUN"]
[BlackTeamCountry "HUN"]

1. e4 e6 2. d4 d5 3. Nc3 Bb4 4. e5 c5 5. a3 Bxc3+ 6. bxc3 Ne7 7. Nf3 Bd7 8. Be2 Ba4 9. 0-0 Qc7 10. Bg5 h6 11. Bxe7 Qxe7 12. Qd2 Nd7 13. Rfb1 Nb6 14. Bd3 Rc8 15. Ne1 Rc7 16. f4 c4 17. Be2 Kd8 18. Rb4 Bc6 19. a4 Nc8 20. a5 a6 21. Qe3 Bb5 22. Qh3 Na7 23. Nf3 Bd7 24. Qg3 Rg8 25. h4 Nb5 26. Nh2 Nxd4 27. cxd4 Qxb4 28. c3 Qb2 29. Qe1 Qc2 30. Bf3 Rc6 31. h5 b6 32. Ng4 Kc7 33. Ne3 Qh7 34. f5 Rb8 35. Qc1 Qg8 36. Kh2 Qd8 37. g3 Kc8 38. Kh3 bxa5 39. g4 Rb5 40. Bd1 Rb7 41. Bf3 Qg5 42. Rxa5 Rcb6 43. Qa3 Qd8 44. Rxa6 Rxa6 45. Qxa6 Qb6 46. Qa3 Qb2 1/2-1/2

[Event "HUN-chT2 Toth 1011"]
[Site "Hungary"]
[Date "2010.11.07"]
[Round "5.4"]
[White "Hajagos, Janos"]
[Black "Varadi, Laszlo"]
[Result "0-1"]
[WhiteElo "2020"]
[BlackElo "2118"]
[PlyCount "69"]
[EventDate "2010.09.12"]
[EventType "team-tourn"]
[EventRounds "11"]
[EventCountry "HUN"]
[SourceTitle "EXT 2012"]
[Source "ChessBase"]
[SourceDate "2011.11.24"]
[SourceVersion "1"]
[SourceVersionDate "2011.11.24"]
[SourceQuality "1"]
[WhiteTeam "Takisz"]
[BlackTeam "Gyula"]
[WhiteTeamCountry "HUN"]
[BlackTeamCountry "HUN"]

1. d4 Nf6 2. Nf3 g6 3. c4 Bg7 4. Nc3 d5 5. cxd5 Nxd5 6. e4 Nxc3 7. bxc3 c5 8. Bc4 Nc6 9. Be3 0-0 10. 0-0 cxd4 11. cxd4 Na5 12. Be2 b6 13. Rc1 e6 14. Qd3 Bd7 15. Ne5 Bxe5 16. dxe5 Bc6 17. Qb1 Qb8 18. f4 Qb7 19. Bf3 Rac8 20. Bf2 Rfd8 21. Rfd1 Qe7 22. Qb2 Nb7 23. Qe2 Rxd1+ 24. Rxd1 Ba4 25. Ra1 Qa3 26. Qe1 Rc2 27. Bh4 Nc5 28. Bf6 Nd3 29. Qe3 Rc3 30. h4 Nxe5 31. Qxc3 Qxc3 32. Bxe5 Qc4 33. h5 gxh5 34. g3 Kf8 35. Bf6 0-1